000 00605nam a2200193Ia 4500
005 20250508164947.0
008 008 250505s9999 xx 000 0 eng d
037 _aDissertations
040 _aFEDL
_beng
_cFEDL
041 _aeng
_2eng
084 _a370, DEE/DI
_qFEDL
100 _aDeepa Rani
_9779591
245 0 _aStudy of teachers perception about barriers to bring quality in education at Municipal Corporation of Delhi schools
260 _c2010
300 _a49p.
546 _aM.Ed. Dissertation (Delhi University)
942 _cDIS
_h370, DEE/DI
999 _c1392286
_d1392286